| 000 | 00798 a2200205 4500 | ||
|---|---|---|---|
| 999 |
_c9445 _d9445 |
||
| 020 | _a0409061301 (pbk.) | ||
| 050 | 0 | 0 | _aKTL519 NEE 2005 |
| 100 | 1 |
_aNeethling, J. _eauthor |
|
| 245 | 1 | 0 |
_aNeethling's law of personality / _cJ. Neethling, J.M. Potgieter, P.J. Visser. |
| 250 | _a2nd ed. | ||
| 264 |
_aDurban : _bLexisNexis Butterworths, _c2005. |
||
| 300 | _axi, 336 p. ; | ||
| 500 | _a"Translated, updated, revised, and expanded version of Neethling's Persoonlikheidsreg (4 ed 1998)"--Pref. | ||
| 504 | _aIncludes bibliographical references (p. 283-292) and index. | ||
| 650 | 0 | _aPersonality (Law) | |
| 700 | 1 |
_aPotgieter, J. M. _eauthor |
|
| 700 | 1 |
_aVisser, P. J. _eauthor |
|
| 942 |
_2lcc _cBK _e2nd ed. _h519 _iNEE _kKTL |
||